000 00486nam 22001573 4500
001 32599
090 _a32599
100 _a20260318d u||y0pory50 ba
101 _aeng
200 _aProceedings of the WMO/IUGG Symposium on Numerical Weather Prediction in Tokyo
_eNovember 26- December 4, 1968
_fWMO
_gIUGG
210 _aJapan
_cJapan Mateorological Agency
_d1969
215 _d26 cm
317 _5Serviço Meteorológico Nacional
606 _xPrevisão Numérica
_923786
801 _gISBD
942 _n0